000 00622nam a2200181Ia 4500
008 151018s9999 xx 000 0 und d
082 _bRBASDV60760
_a891.463
100 _aपुरुषोत्तम रोहणकार
245 _aगावगाडा
250 _b1
260 _b"निखील प्रकाशन, कोल्हापूर"
_c2012
300 _a96
600 _aपुरुषोत्तम रोहणकार
630 _aगावगाडा
700 _aपुरुषोत्तम रोहणकार
730 _aगावगाडा
942 _cBOOK
999 _c1054262
_d1054259